Score 0/22 Timer 04:00
3 Plays Today
% Correct
1
96.5%
2
96%
4
94.9%
1
94.7%
3
93.3%
150
92.2%
10
91.3%
3
88.5%
3. True
87.5%
Nimbus
86.4%
6. True
86.3%
% Correct
Firebolt
82.2%
8. True
81.2%
1. True
80.9%
Wronski Feint
79.3%
Comet
77.4%
Cleansweep
74.3%
9. True
70.4%
Sloth-Grip Roll
65.5%
Porskoff Ploy
61.2%
Shooting Star
58.7%
Silver Arrow
42.6%
Remove Ads.
Support Sporcle.
Get the best of Sporcle when you Go Orange. This ad-free experience offers more features, more stats, and more fun while also helping to support Sporcle. Thank you for becoming a member.

You're not logged in!

Compare scores with friends on all Sporcle quizzes.
OR
Log In

Show Comments

Extras

Top Quizzes Today


Score Distribution

Your Account Isn't Verified!

In order to create a playlist on Sporcle, you need to verify the email address you used during registration. Go to your Sporcle Settings to finish the process.

Report this User

Report this user for behavior that violates our Community Guidelines.

Details: